| 000 | 00690nmm a2200241 a 4500 | ||
|---|---|---|---|
| 003 | AR-BaBNM | ||
| 005 | 20251128210701.0 | ||
| 008 | 110120s1987 ||||||||||||||000 | spa|| | ||
| 040 | _cAR-BaBNM | ||
| 100 | 1 | _aEstrada, Marcos de | |
| 245 | 1 | 0 |
_aUn argentino consagrado por la historia _bMarcelo T. de Alvear |
| 260 |
_aBuenos Aires _b[s.n.] _c1987 |
||
| 300 | 0 | _a13 p. | |
| 500 | 0 | _aContiene referencias bibliográficas | |
| 600 | 1 | 4 |
_aAlvear, Marcelo Torcuato de _d1868-1942 |
| 610 | 2 | 4 | _aUnión Cívica Radical [Argentina] |
| 650 | 4 | _aHISTORIA POLITICA | |
| 650 | 4 | _aBIOGRAFIAS | |
| 650 | 4 | _aPRESIDENCIAS ARGENTINAS | |
| 651 | 4 | _aArgentina | |
| 942 | _cBK | ||
| 998 | _cMariana | ||
| 999 |
_c16430 _d16430 |
||